| 000 | 00435nam a2200133Ia 4500 | ||
|---|---|---|---|
| 008 | 160209s9999 xx 000 0 und d | ||
| 100 | _aDi Fabio, A. | ||
| 245 | _aEmotional intelligence - new perspectives and applications / | ||
| 245 | _cA. Di Fabio. | ||
| 260 | _bIn Tech | ||
| 260 | _c2012 | ||
| 650 | _xEmotional Intelligence. | ||
| 856 | _uhttp://www.intechopen.com/books/emotional-intelligence-new-perspectives-and-applications | ||
| 999 |
_c290491 _d290491 |
||